000 00635nam a22002057a 4500
999 _c175316
_d175316
005 20200824121137.0
010 _aENG-128371
020 _c749.00
_a9789353436896
035 _aEN-111903
037 _bDBAD/PUB
082 _a512
100 _aLial,Margaret L
245 _aIntroductory Algebra/
_cby Margaret L.Lial
250 _a11th ed.
260 _aNoida
_bPearson
_c2020
270 _a15th floor,Tower-B,Word Trade Tower,Plot no.1,Block-C sec 16,
_bNoida
_e201301
_k04466540100
_mcompanysecretary.india@pearson.com
300 _a746p.
_c25cm(pbk)
500 _aincludes index
942 _2ddc
_cEN
_h512
_mLIA